000 00219 a2200097 4500
001 5688
100 _aGerard,G
245 _aIntroduction structural stability theory
260 _a
_bMcGraw hill
_c
090 _c4676
_d4676
942 _aNUST-CAE
_cM
_c31018
999 _c240761
_d240761